000 00507nam a2200181 a 4500
005 20140412111251.0
008 010326s19uu xx 00 eng d
020 _a0-590-03426-X
050 _aTR(PS E
_bCu-Go
100 _aRey, H. A.
245 _aCurious George goes to the hospital /
_cby Margaret & H. A. Rey.
260 _aNew York :
_bScholastic Inc,
_c1966.
300 _a44 p.; ill.
440 _aCurious George
650 _aHospitals--Fiction
650 _aMonkeys--Fiction
999 _c103168
_d103168